| 000 | 01127cam a2200313 a 4500 | ||
|---|---|---|---|
| 001 | 2624 | ||
| 005 | 20240105123318.0 | ||
| 020 | _a9780753461556 | ||
| 020 | _a9780545103640 | ||
| 040 |
_aDLC _cDLC _dDLC _beng |
||
| 050 | 0 | 0 |
_aPZ7.K5767 _bSla 2007 |
| 082 | 0 | 0 |
_a823.92 _222 |
| 100 | 1 |
_aKing, Donna _d1949- |
|
| 245 | 1 | 0 |
_aSlam dunk / _cDonna King |
| 250 | _aFirst Scholastic printing, November 2008 | ||
| 260 |
_aBoston : _bScholastic, _c2007 |
||
| 300 |
_a145 pages ; _c20 cm |
||
| 505 | _aM | ||
| 520 | _aTalented basketball player Ashlee Carson works hard to win a place in the nationals, but her strict mother wants her to focus on academics and Ashlee must ask her deadbeat father, a former professional basketball player, for support. | ||
| 521 |
_a670 _bLexile |
||
| 521 |
_aM _bRaz-Plus |
||
| 650 | 1 |
_aBasketball _vFiction. |
|
| 650 | 1 |
_aMothers and daughters _vFiction. |
|
| 650 | 1 |
_aFathers and daughters _vFiction. |
|
| 650 | 1 |
_aSingle-parent families _vFiction. |
|
| 650 | 1 |
_aFamily life _zNew York (State) _zNew York _vFiction. |
|
| 906 |
_a7 _bcbc _corignew _d1 _eecip _f20 _gy-gencatlg |
||
| 942 |
_2ddc _cBK _n0 |
||
| 999 |
_c2624 _d2624 |
||